02052nam a2200361 a 4500001001200000003000800012006001900020007001500039008004100054010001700095020002500112020002700137040002100164035002100185050002300206082001800229100002500247245016000272246006400432250001200496260003500508300002400543490003600567504005100603520063100654533015201285650002801437650003101465655002901496700002201525710001701547856012601564ebr10575567CaPaEBRm u cr cn|||||||||120306s2012 njua sb 001 0 eng d z 2012009777 z9780470903575 (pbk.) z9781118332863 (e-book) aCaPaEBRcCaPaEBR a(OCoLC)77953011214aTH420b.C45 2012eb04a690.02/182231 aChing, Frank,d1943-10aBuilding codes illustratedh[electronic resource] :ba guide to understanding the 2012 international building code /cFrancis D.K. Ching, Steven R. Winkel.30aGuide to understanding the 2012 international building code a4th ed. aHoboken, N.J. :bWiley,c2012. axiv, 434 p. :bill.0 aBuilding codes illustrated ;v6 aIncludes bibliographical references and index. a"An easy-to-use, updated illustrated guide to the 2012 edition of the International Building CodeThis unique reference to the 2012 International Building Code marries the graphic skills of bestselling author Frank Ching with the code expertise of Steven Winkel, FAIA. It pulls out the portions of the building code that are most relevant for the architect and provides an easy-to-understand interpretation in both words and illustrations. Rather than a text-heavy book, this is much more conducive to quick comprehension of the code, presenting information in an exciting user-friendly visual format"--cProvided by publisher. aElectronic reproduction.bPalo Alto, Calif. :cebrary,d2011.nAvailable via World Wide Web.nAccess may be limited to ebrary affiliated libraries. 0aStandards, Engineering. 0aBuildingsvSpecifications. 7aElectronic books.2local1 aWinkel, Steven R.2 aebrary, Inc.40uhttp://site.ebrary.com/lib/rucke/Doc?id=10575567zAn electronic book accessible through the World Wide Web; click to view